Research Methodology (Record no. 344764)

000 -LEADER
fixed length control field 00397 a2200157 4500
020 ## - INTERNATIONAL STANDARD BOOK NUMBER
International Standard Book Number 8173280363
082 ## - DEWEY DECIMAL CLASSIFICATION NUMBER
Classification number 001.42
090 ## - LOCALLY ASSIGNED LC-TYPE CALL NUMBER (OCLC); LOCAL CALL NUMBER (RLIN)
-- 2262
-- 2262
100 ## - MAIN ENTRY--PERSONAL NAME
Personal name Kothari,C R
245 ## - TITLE STATEMENT
Title Research Methodology
Remainder of title Methods & Techniques
Statement of responsibility, etc. C R Kothari
250 ## - EDITION STATEMENT
Edition statement 2nd edition
260 ## - PUBLICATION, DISTRIBUTION, ETC.
Place of publication, distribution, etc. New Delhi
Name of publisher, distributor, etc. Wishwa Prakashan
Date of publication, distribution, etc. 1990
300 ## - PHYSICAL DESCRIPTION
Extent 468p
500 ## - GENERAL NOTE
General note Paper cover
942 ## - ADDED ENTRY ELEMENTS (KOHA)
Institution code [OBSOLETE] NBS
Koha item type Book
Call number prefix 001.42 KOT
Holdings
Withdrawn status Lost status Damaged status Not for loan Collection code Permanent Location Current Location Shelving location Date acquired Total Checkouts Full call number Barcode Date last seen Price effective from Koha item type
        Computer Science Central Library (CL) Central Library (CL) First Floor - Computer Science 08/28/2013   001.42 KOT NBS3022 08/28/2013 08/28/2013 Book
© 2023 Central Library, National University of Sciences and Technology. All Rights Reserved.